| 000 | 00669nam a2200253Ia 4500 | ||
|---|---|---|---|
| 003 | OSt | ||
| 005 | 20220926022827.0 | ||
| 006 | a|||||r|||| 00| 0 | ||
| 007 | ta | ||
| 008 | 220923b |||||||| |||| 00| 0 eng d | ||
| 020 | _a0670235334 | ||
| 037 | _cGeneral Book | ||
| 040 |
_aRTL _cRTL _beng |
||
| 041 |
_2eng _aeng |
||
| 082 | _aX:741, M4 | ||
| 100 |
_aWarsh David _9328306 |
||
| 245 | 0 | _aIdea of economic complexity | |
| 260 |
_aNew York _bViking Press USA _c1984 |
||
| 300 |
_axxvi, 222p. Bib p 198-211 _ccm. |
||
| 650 | _a Economics | ||
| 650 | _aInflation | ||
| 942 |
_hX:741, M4 _cGB _2CC |
||
| 999 |
_c640340 _d640340 |
||